000 01294nam0a2200373 4500
001 RU\NLR\bibl\230341
005 20260601073105.0
010 _a5-353-00106-0
_915000
021 _aRU
_b2001-52120
_92521
021 _aRU
_b2002-2881
_9142
035 _a(NLR Aleph) 000226304
090 _a1316388
_c1316388
100 _a20020204d2001 |||y0rusy50 ca
101 0 _arus
102 _aRU
105 _aa |||||||||
200 1 _aПоиграем, посчитаем
_eОбучающая игра
_e6-7 лет
_f[Гаврина С. Е. и др.]
210 _aМ.
_cРосмэн
_cРосмэн-пресс
_d2001
215 _a[21] с.
_cцв. ил.
_d26
225 1 _aШколы для дошколят
606 0 _aМатематика для дошкольников - Учебно-наглядные пособия
606 0 _aДидактические игры
675 _a372.47
_v3
_zrus
686 _a14.23
_2rugasnti
686 _a74.102
_2rubbk
686 _aШ991.3
701 1 _4070
_8rus
_7ca
_aГаврина
_bС. Е.
_gСветлана Евгеньевна
_3RU\NLR\auth\7718186
_91268
801 0 _aRU
_bRKP
_c20020204
_gPSBO
801 1 _aRU
_bRKP
_c20020204
801 2 _aRU
_bNLR
_c20061207
_grcr
942 _cBOOK
980 _aNB